<?xml version="1.0" encoding="UTF-8"?>
<record
    xmlns:xsi="http://www.w3.org/2001/XMLSchema-instance"
    xsi:schemaLocation="http://www.loc.gov/MARC21/slim http://www.loc.gov/standards/marcxml/schema/MARC21slim.xsd"
    xmlns="http://www.loc.gov/MARC21/slim">

  <leader>01897nam a2200277Ia 4500</leader>
  <controlfield tag="001">K0342</controlfield>
  <controlfield tag="003">IT-RoPAU</controlfield>
  <controlfield tag="008">130308s9999    xx            000 0 und d</controlfield>
  <datafield tag="040" ind1=" " ind2=" ">
    <subfield code="a">IT-RoPAU</subfield>
  </datafield>
  <datafield tag="040" ind1=" " ind2=" ">
    <subfield code="c">IT-RoPAU</subfield>
  </datafield>
  <datafield tag="041" ind1=" " ind2=" ">
    <subfield code="a">ITALIANO  </subfield>
  </datafield>
  <datafield tag="100" ind1=" " ind2=" ">
    <subfield code="a">Pignatti Terisio</subfield>
  </datafield>
  <datafield tag="100" ind1=" " ind2=" ">
    <subfield code="g">Codice Aut. SPICS:  2570</subfield>
  </datafield>
  <datafield tag="245" ind1=" " ind2=" ">
    <subfield code="a">Disegni veneziani del Settecento (I)</subfield>
  </datafield>
  <datafield tag="245" ind1=" " ind2=" ">
    <subfield code="b">Disegni veneziani del Settecento (I)                                                                                                                      </subfield>
  </datafield>
  <datafield tag="250" ind1=" " ind2=" ">
    <subfield code="a">1a ed.</subfield>
  </datafield>
  <datafield tag="260" ind1=" " ind2=" ">
    <subfield code="a"> TREVISO</subfield>
  </datafield>
  <datafield tag="260" ind1=" " ind2=" ">
    <subfield code="b">Libreria Editrice Canova </subfield>
  </datafield>
  <datafield tag="300" ind1=" " ind2=" ">
    <subfield code="a">"266 p. (prefazione: 32; testo: 234 [pagine: 0-0])"</subfield>
  </datafield>
  <datafield tag="500" ind1=" " ind2=" ">
    <subfield code="a">"Presentazione delle 139 Illustrazione in bianco e Nero di Artisti vari tra I Quali: Amiconi Jacopo; Bellotto Bernardo; Bencovic Federico; Bison Giuseppe Bernardino; Bortoloni Mattia; Brusaferro Gerolamo; Canaletto; Canova Antonio; Cappella Francesco; Carlevaris Luca; Crosato Gian Battista; Dall'Oglio Egidio; Diziani Gaspare; Diziani Giuseppe; Fontebasso Francesco; Grassi Nicola; Guarana Jacopo; Guardi Francesco; Guardi Giacomo; Guardi Gian Antonio; Longhi Alessandro; Longhi Pietro; Maggiotto Domenico; Manaigo Silvestro; Marcuola Gian Battista; Marieschi Jacopo; Mariotti Gian Battista; Mengardi Gian Battista; Nazzari Bartolomeo; Nogari Giuseppe; Novelli Pier Antonio; Pellegrini Gian Antonio; Piatti Sante; Piazzetta Gian Battista; Piranesi Gian Battista; Pittoni Gian Battista; Ricci Marco; Ricci Sebastiano; Simonini Francesco; Tarsia Bartolomeo; Tiepolo Gian Battista; Tiepolo Gian Domenico; Tiepolo Lorenzo; Tironi Francesco; Visentini Antonio; Zaita Giuseppe; Zanetti Anton Maria; Zompini Gaetano; Zuccarelli Francesco; Zugno Francesco.    D"</subfield>
  </datafield>
  <datafield tag="650" ind1=" " ind2=" ">
    <subfield code="a">STORIA NAZIONALE DELLA GRAFICA</subfield>
  </datafield>
  <datafield tag="650" ind1=" " ind2=" ">
    <subfield code="e">Codice materia Spics: 5409</subfield>
  </datafield>
  <datafield tag="942" ind1=" " ind2=" ">
    <subfield code="c">BK</subfield>
  </datafield>
  <datafield tag="957" ind1=" " ind2=" ">
    <subfield code="7">1</subfield>
  </datafield>
  <datafield tag="999" ind1=" " ind2=" ">
    <subfield code="c">77375</subfield>
    <subfield code="d">77375</subfield>
  </datafield>
  <datafield tag="999" ind1=" " ind2=" ">
    <subfield code="g">1</subfield>
  </datafield>
  <datafield tag="952" ind1=" " ind2=" ">
    <subfield code="0">0</subfield>
    <subfield code="1">0</subfield>
    <subfield code="4">0</subfield>
    <subfield code="6">K_000000000000000_0342</subfield>
    <subfield code="7">1</subfield>
    <subfield code="a">SPICS</subfield>
    <subfield code="b">SPICS</subfield>
    <subfield code="d">2013-03-08</subfield>
    <subfield code="l">0</subfield>
    <subfield code="o">K0342</subfield>
    <subfield code="r">2013-03-08 00:00:00</subfield>
    <subfield code="w">2013-03-08</subfield>
    <subfield code="y">BK</subfield>
    <subfield code="z">Progressivo inserimento:  25743 /  N. Volumi: 1 Copie: 1  / data import: 1 marzo 2013 - By Epidotti, Trombetti, Vaglietti. </subfield>
  </datafield>
</record>
